LEADER 03843nam 22005892 450 001 996216716603316 005 20151109030844.0 010 $a1-139-81525-3 010 $a1-139-00038-1 035 $a(CKB)1000000000820147 035 $a(SSID)ssj0000371555 035 $a(PQKBManifestationID)11251657 035 $a(PQKBTitleCode)TC0000371555 035 $a(PQKBWorkID)10413062 035 $a(PQKB)11202970 035 $a(UkCbUP)CR9781139000383 035 $a(UK-CbPIL)2047940 035 $a(PPN)16745370X 035 $a(EXLCZ)991000000000820147 100 $a20110114d1995|||| uy| 0 101 0 $aeng 135 $aur||||||||||| 181 $ctxt$2rdacontent 182 $cc$2rdamedia 183 $acr$2rdacarrier 200 04$aThe Cambridge companion to American realism and naturalism /$fedited by Donald Pizer$b[electronic resource] 210 1$aCambridge :$cCambridge University Press,$d1995. 215 $a1 online resource (xvi, 287 pages) $cdigital, PDF file(s) 225 1 $aCambridge companions to literature 300 $aTitle from publisher's bibliographic system (viewed on 09 Nov 2015). 311 $a0-521-43876-4 311 $a0-521-43300-2 327 $aIntroduction : The problem of definition / Donald Pizer -- The American background / Louis J. Budd -- The European background / Richard Lehan -- Recent critical approaches / Michael Anesko -- Expanding the canon of American realism / Elizabeth Ammons -- The portrait of a lady and The rise of Silas Lapham : the company they kept / John W. Crowley -- The realism of Adventures of Huckleberry Finn / Tom Quirk -- The red badge of courage & McTeague : passage to modernity / J.C. Levenson -- What more can Carrie want? Naturalistic ways of consuming women / Blanche H. Gelfant -- The awakening & The house of mirth : plotting experience and experiencing plot / Barbara Hochman -- The call of the wild & The jungle : Jack London's & Upton Sinclair's animal and human jungles / Jacqueline Tavernier-Courbin -- Troubled black humanity in The souls of black folk & The autobiography of an ex-colored man / Kenneth W. Warren. 330 $aThis Companion examines a number of issues related to the terms realism and naturalism. The introduction seeks both to discuss the problems in the use of these two terms in relation to late nineteenth-century fiction and to describe the history of previous efforts to make the terms expressive of American writing of this period. The Companion includes ten essays which fall into four categories: essays on the historical context of realism and naturalism by Louis Budd and Richard Lehan; essays on critical approaches to the movements since the early 1970s by Michael Anesko, essays on the efforts to expand the canon of realism and naturalism by Elizabeth Ammons; and a full-scale discussion of ten major texts, from W. D. Howell's The Rise of Silas Lapham to Jack London's The Call of the Wild, by John W. Crowley, Tom Quirk, J. C. Levenson, Blanche Gelfant, Barbara Hochman, and Jacqueline Tavernier-Courbin. 410 0$aCambridge companions to literature. 517 3 $aThe Cambridge Companion to American Realism & Naturalism 606 $aAmerican fiction$y19th century$xHistory and criticism 606 $aRealism in literature 606 $aNaturalism in literature 606 $aAmerican fiction$y19th century$xHandbooks, manuals, etc 615 0$aAmerican fiction$xHistory and criticism. 615 0$aRealism in literature. 615 0$aNaturalism in literature. 615 0$aAmerican fiction$xHandbooks, manuals, etc. 676 $a810.9/12 702 $aPizer$b Donald 801 0$bUkCbUP 801 1$bUkCbUP 906 $aBOOK 912 $a996216716603316 996 $aThe Cambridge companion to American realism and naturalism$92493378 997 $aUNISA LEADER 01911oam 2200529M 450 001 9910715503603321 005 20191121064227.8 035 $a(CKB)5470000002513023 035 $a(OCoLC)1065575386 035 $a(OCoLC)995470000002513023 035 $a(EXLCZ)995470000002513023 100 $a20070221d1837 ua 0 101 0 $aeng 135 $aurcn||||||||| 181 $ctxt$2rdacontent 182 $cc$2rdamedia 183 $acr$2rdacarrier 200 10$aElizabeth S.W. Bacot, widow of Thomas. (To accompany Bill H.R. No. 37.) December 14, 1837. -- Reprinted 210 1$a[Washington, D.C.] :$c[publisher not identified],$d1837. 215 $a1 online resource (3 pages) 225 1 $aHouse report / 25th Congress, 2nd session. House ;$vno. 25 225 1 $a[United States congressional serial set] ;$v[serial no. 333] 300 $aBatch processed record: Metadata reviewed, not verified. Some fields updated by batch processes. 300 $aFDLP item number not assigned. 517 $aElizabeth S.W. Bacot, widow of Thomas. 606 $aBuilding 606 $aCompensation (Law) 606 $aCompensation (Law)$zChina 606 $aPost office buildings 606 $aPostal service$xEquipment and supplies 606 $aPostal service$xEmployees 608 $aLegislative materials.$2lcgft 615 0$aBuilding. 615 0$aCompensation (Law) 615 0$aCompensation (Law) 615 0$aPost office buildings. 615 0$aPostal service$xEquipment and supplies. 615 0$aPostal service$xEmployees. 701 $aWhittlesey$b Elisha$f1783-1863$pWhig (OH)$01388990 801 0$bWYU 801 1$bWYU 801 2$bOCLCO 801 2$bOCLCQ 906 $aBOOK 912 $a9910715503603321 996 $aElizabeth S.W. Bacot, widow of Thomas. (To accompany Bill H.R. No. 37.) December 14, 1837. -- Reprinted$93541371 997 $aUNINA LEADER 03228nam 2200613 450 001 9910827633103321 005 20170822144322.0 010 $a1-4704-1058-3 035 $a(CKB)3780000000000153 035 $a(EBL)3114146 035 $a(SSID)ssj0000938805 035 $a(PQKBManifestationID)11501969 035 $a(PQKBTitleCode)TC0000938805 035 $a(PQKBWorkID)10926590 035 $a(PQKB)10749822 035 $a(MiAaPQ)EBC3114146 035 $a(RPAM)17765998 035 $a(PPN)19540842X 035 $a(EXLCZ)993780000000000153 100 $a20150417h20132013 uy 0 101 0 $aeng 135 $aur|n|---||||| 181 $ctxt 182 $cc 183 $acr 200 10$a3-manifold groups are virtually residually p /$fMatthias Aschenbrenner, Stefan Friedl 210 1$aProvidence, Rhode Island :$cAmerican Mathematical Society,$d2013. 210 4$dİ2013 215 $a1 online resource (114 p.) 225 1 $aMemoirs of the American Mathematical Society,$x1947-6221 ;$vVolume 225, Number 1058 300 $a"Volume 225, Number 1058 (third of 4 numbers)." 311 $a0-8218-8801-3 320 $aIncludes bibliographical references and index. 327 $a""Contents""; ""Introduction""; ""The main result""; ""Applications""; ""Properties of linear groups and 3-manifold groups""; ""Outline of the proof strategy""; ""A more general theorem?""; ""Graph manifolds""; ""Guide for the reader""; ""Conventions and notations""; ""Acknowledgments""; ""Chapter 1. Preliminaries""; ""1.1. Filtrations of groups""; ""1.2. Graphs of groups""; ""Chapter 2. Embedding Theorems for -Groups""; ""2.1. An amalgamation theorem for filtered -groups""; ""2.2. Extending partial automorphisms to inner automorphisms"" 327 $a""Chapter 3. Residual Properties of Graphs of Groups""""3.1. Root properties and fundamental groups of graphs of groups""; ""3.2. A criterion for being residually ""; ""3.3. Unfolding a graph of groups""; ""3.4. A criterion for being virtually residually ""; ""Chapter 4. Proof of the Main Results""; ""4.1. -compatible filtrations""; ""4.2. -compatible filtrations of linear groups""; ""4.3. Proof of the main theorem""; ""4.4. A localization theorem""; ""4.5. Fibered 3-manifolds""; ""Chapter 5. The Case of Graph Manifolds""; ""5.1. -efficiency""; ""5.2. Cohomological -completeness"" 327 $a""5.3. Virtual -efficiency for arbitrary 3-manifolds?""""5.4. The mod homology graph""; ""Bibliography""; ""Index"" 410 0$aMemoirs of the American Mathematical Society ;$vVolume 225, Number 1058. 517 3 $aThree-manifold groups are virtually residually p 606 $aGroup theory 606 $aThree-manifolds (Topology) 606 $aFundamental groups (Mathematics) 615 0$aGroup theory. 615 0$aThree-manifolds (Topology) 615 0$aFundamental groups (Mathematics) 676 $a514.34 700 $aAschenbrenner$b Matthias$f1972-$0766973 702 $aFriedl$b Stefan$f1973- 801 0$bMiAaPQ 801 1$bMiAaPQ 801 2$bMiAaPQ 906 $aBOOK 912 $a9910827633103321 996 $a3-manifold groups are virtually residually p$93961930 997 $aUNINA